| 000 | 00624nam a2200205Ia 4500 | ||
|---|---|---|---|
| 005 | 20250508152441.0 | ||
| 008 | 008 250505s9999 xx 000 0 eng d | ||
| 037 | _aTextual | ||
| 040 |
_aFEDL _beng _cFEDL |
||
| 041 |
_aeng _2eng |
||
| 084 |
_a155.4, MEN _qFEDL |
||
| 100 |
_aMenninger William C. _9188056 |
||
| 245 | 0 | _aHow to help your children: The parents' handbook | |
| 260 |
_aNew York, USA _bSterling Publishing Company _c1959 |
||
| 300 | _a640p | ||
| 650 |
_aChilld psychology _9755560 |
||
| 700 |
_a Montagu Ashley Witty Paul _9761518 |
||
| 942 |
_cTEXL _h155.4, MEN |
||
| 999 |
_c1336501 _d1336501 |
||